LEADER 01581nam 2200373 450 001 000008274 005 20050718115300.0 100 $a20010517d1984----km-y0itay0103----ba 101 0 $aita 102 $aIT 200 1 $aProblemi di legittimità costituzionale della legge 3 maggio 1982 n. 203$eatti del convegno di Siena (1-2 dicembre 1983)$eil giudizio davanti alla corte costituzionale$f[a cura di Eva Rook Basile] 210 $aMilano$cGiuffrè$d1984 215 $aIV, 430 p.$d25 cm. 225 1 $aPubblicazioni dell'istituto di diritto agrario internazionale e comparato Firenze$inuova serie$v8 606 $aAffitto rustico$xLegislazione$xCongressi$ySiena$z1983 676 $a333.5$v(20. ed.)$9Affitto e locazione (leasing) della terra e delle altre risorse naturali 702 1$aRook Basile,$bEva 801 0$aIT$bUniversità della Basilicata - B.I.A.$gRICA$2unimarc 912 $a000008274 996 $aProblemi di legittimit? costituzionale della legge 3 maggio 1982 n. 203$975232 997 $aUNIBAS BAS $aMONAGR BAS $aMONOGR BAS $aAGRARIA CAT $aOB001$b01$c20010517$lBAS01$h1140 CAT $aTORRE$b20$c20010529$lBAS01$h1709 CAT $aTORRE$b20$c20030910$lBAS01$h1112 CAT $c20050601$lBAS01$h1754 CAT $abatch$b01$c20050718$lBAS01$h1049 CAT $c20050718$lBAS01$h1109 CAT $c20050718$lBAS01$h1139 CAT $c20050718$lBAS01$h1153 FMT Z30 -1$lBAS01$LBAS01$mBOOK$1BASA2$APolo Tecnico-Scientifico$2DID$BDidattica$3PTS.s2.p27.12$5A36437$820010517$f04$FPrestabile Didattica$g36437